| 000 | 00000nam 2200000za 4500 |
| 001 | 9.818332 |
| 003 | CaOODSP |
| 005 | 20240624082248 |
| 007 | cr ||||||||||| |
| 008 | 160526s1958 onc |o f|0| 0 fre d |
| 040 | |aCaOODSP|bfre |
| 043 | |an-cn--- |
| 086 | 1 |aZ1-1955/2F-PDF |
| 245 | 00|aRapport final |h[ressource électronique]. |
| 246 | 14|aCommission royale d'enquête sur les perspectives économiques du Canada : rapport final |
| 260 | |aOttawa : |b[La Commission], |c1958. |
| 300 | |a[525] p. : |bill., carte |
| 500 | |a« Novembre 1957 ». |
| 500 | |aPublie aussi en anglais sous le titre: Final report. |
| 500 | |aPrésident: Walter L. Gordon. |
| 504 | |aComprend des références bibliographiques. |
| 692 | 07|2gccst|aÉconomie |
| 700 | 1 |aGordon, Walter L., |d1906-1987. |
| 710 | 1 |aCanada. |bBureau du Conseil privé. |
| 710 | 1 |aCanada.|bCommission royale d'enquête sur les perspectives économiques du Canada. |
| 775 | 08|tFinal report |w(CaOODSP)9.818331 |
| 856 | 40|qPDF|s8.26 Mo|uhttps://publications.gc.ca/collections/collection_2016/bcp-pco/Z1-1955-2-1-fra.pdf |
| 856 | 40|qPDF|s7.23 Mo|uhttps://publications.gc.ca/collections/collection_2016/bcp-pco/Z1-1955-2-2-fra.pdf |
| 856 | 40|qPDF|s7.40 Mo|uhttps://publications.gc.ca/collections/collection_2016/bcp-pco/Z1-1955-2-3-fra.pdf |
| 856 | 40|qPDF|s10.17 Mo|uhttps://publications.gc.ca/collections/collection_2016/bcp-pco/Z1-1955-2-4-fra.pdf |